000 00981nam a22002177a 4500
005 20110801122515.0
010 _aB-423750
020 _a9788189161040
_c650.00
035 _aB-423750
037 _bAllied Publishers
082 _a882.08
100 _aSugarwala, Fatima T.
_932490
245 _aMyths and symbolism in the plays of Tennessee Williams /
_cby Fatima T. Sugarwala
260 _aNew Delhi
_bAdhyayan Publishers & Distributors
_c2004
270 _aL-9 B, Street No. 42, Sadatpur Extension,
_bDelhi
_e110094
300 _a312p.
_c24cm(Hb)
500 _aIncludes bibliogoraphical references and index
942 _2ddc
_cEN
_mSUG
_h882.08
999 _c54615
_d54615